Top 10 migliori giocatrici #1 - Statistics

Statistiche generali
  • Questo quiz è stato fatto 2 volte
  • Il punteggio medio è 2 su 10
Statistiche sulle risposte
Risposta % Corretto
Diana Taurasi
100%
Candace Parker
50%
Elena Delle Donne
50%
Carol Blazejowski
0%
Catture di Tamika
0%
Cinzia Cooper
0%
Lauren Jackson
0%
10° Lindsay balena
0%
Lisa Lesley
0%
Maya Moore
0%
Nessun quiz corrispondente trovato
Distribuzione punteggi
Percentuale di utenti per punteggio
Percentile per numero di risposta
I tuoi punteggi nel tempo
Non hai fatto questo quiz